[Event "FSGM August"]
[Site "Budapest HUN"]
[Date "2009.08.10"]
[Round "10"]
[White "Szabo,Krisz1"]
[Black "Rees,I"]
[Result "1-0"]
[WhiteElo "2493"]
[BlackElo "2339"]

1.e4 c5 2.Nf3 d6 3.Bb5+ Bd7 4.Bxd7+ Qxd7 5.c4 Nc6 6.Nc3 Nf6 7.d4 cxd4 8.Nxd4 g6
9.h3 Bg7 10.Be3 O-O 11.O-O Rac8 12.b3 e6 13.Rc1 Rfd8 14.Qf3 Ne5 15.Qe2 d5
16.f4 Nc6 17.Nxc6 bxc6 18.e5 Ne8 19.Rcd1 Qb7 20.Na4 Bf8 21.Kh2 c5 22.Qf3 Rd7
23.cxd5 exd5 24.Bg1 Ng7 25.Nc3 Rcd8 26.Rd3 Nf5 27.Rfd1 Nh4 28.Qe2 c4 29.bxc4 dxc4
30.Rxd7 Rxd7 31.Rxd7 Qxd7 32.Qxc4 Qd2 33.Ne2 Bh6 34.e6  1-0

[Event "24th ICT Acropolis"]
[Site "Chalkida GRE"]
[Date "2009.08.10"]
[Round "1"]
[White "Kouvatsou,M"]
[Black "Lomineishvili,M"]
[Result "1/2-1/2"]
[WhiteElo "2156"]
[BlackElo "2427"]

1.e4 c5 2.Nf3 d6 3.Bb5+ Bd7 4.Bxd7+ Qxd7 5.c4 Nf6 6.Nc3 g6 7.O-O Bg7 8.d4 cxd4
9.Nxd4 O-O 10.f3 Nc6 11.Be3 a6 12.Qd2 Nxd4 13.Bxd4 b5 14.Nd5 Nxd5 15.cxd5 Rfc8
16.Rac1 Rxc1 17.Rxc1 Bxd4+ 18.Qxd4 Rc8 19.Rc3 Rxc3 20.Qxc3 Qa7+ 21.Kf1 a5
22.a3 h5 23.h4 a4  1/2-1/2

[Event "7th Staunton Memorial GM"]
[Site "London ENG"]
[Date "2009.08.10"]
[Round "3"]
[White "Hendriks,W"]
[Black "Wells,P"]
[Result "1/2-1/2"]
[WhiteElo "2444"]
[BlackElo "2498"]

1.e4 c5 2.Nf3 d6 3.Bb5+ Bd7 4.Bxd7+ Qxd7 5.c4 Nf6 6.Nc3 g6 7.d4 cxd4 8.Nxd4 Bg7
9.h3 Qc7 10.b3 Qa5 11.Bd2 Nxe4 12.Nxe4 Qe5 13.Qf3 f5 14.Bc3 Qxe4+ 15.Qxe4 fxe4
16.Nb5 Bxc3+ 17.Nxc3 e3 18.f3 Nc6  1/2-1/2

[Event "IMA"]
[Site "Olomouc CZE"]
[Date "2009.08.10"]
[Round "6"]
[White "Johansson,Ja SWE"]
[Black "Oparin,G"]
[Result "1/2-1/2"]
[WhiteElo "2437"]
[BlackElo "2350"]

1.e4 c5 2.Nf3 d6 3.Bb5+ Bd7 4.Bxd7+ Qxd7 5.O-O Nc6 6.c3 Nf6 7.d4 Nxe4 8.d5 Ne5
9.Nxe5 dxe5 10.Re1 Nf6 11.c4 O-O-O 12.Nc3 e6 13.Bg5 exd5 14.Bxf6 gxf6 15.Nxd5 Qe6
16.a4 f5 17.a5 e4 18.a6 b6 19.Qh5 Rg8 20.Ra3 Bd6 21.g3 Kb8 22.Rae3 Be5 23.b3 h6
24.Qh4 Rge8 25.Qh5 Qg6 26.Qh3 Bd6 27.Kh1 h5 28.f3 h4 29.fxe4 fxe4 30.gxh4 f5
31.Rf1 Rf8 32.Rg1 Qf7 33.Re2 Rg8 34.Rf1 Rgf8 35.Ref2 f4 36.Nxf4 Bxf4 37.Rxf4 Qxf4
38.Rxf4 Rxf4 39.Qe6 Rf1+ 40.Kg2 Rfd1 41.Qe5+ Kc8 42.Qxe4 R1d2+ 43.Kf1 Rd1+
44.Kg2 R1d2+ 45.Kf1  1/2-1/2

[Event "80th Jubilee Viktor Kart"]
[Site "Lviv UKR"]
[Date "2009.08.11"]
[Round "9"]
[White "Vetoshko,V"]
[Black "Chulivska,V"]
[Result "1-0"]
[WhiteElo "2166"]
[BlackElo "2304"]

1.e4 c5 2.Nf3 d6 3.Bb5+ Bd7 4.Bxd7+ Qxd7 5.O-O Nc6 6.c3 Nf6 7.d4 Nxe4 8.d5 Nb8
9.Re1 Nf6 10.Bg5 Na6 11.a4 h6 12.Bxf6 gxf6 13.Nbd2 Rg8 14.Ne4 O-O-O 15.b4 f5
16.Ned2 cxb4 17.cxb4 Nxb4 18.Qb3 Na6 19.Rec1+ Nc5 20.Rab1 Bg7 21.Qe3 Kb8
22.Nc4 Rc8 23.Nd4 Bxd4 24.Qxd4 Qxa4 25.Qe3 Qd7 26.Na5 Rc7 27.Qxh6 e6 28.Rd1 Ne4
29.Qe3 Nc3 30.Rxb7+ Rxb7 31.Qxc3 Rc8 32.Qa3 Rb6 33.h3 Ka8 34.Qf3 e5 35.Nc6 f4
36.Ra1 Rcxc6 37.dxc6 Qxc6 38.Qh5 Qc4 39.Qf3+ d5 40.Qa3 Qc7 41.Rc1 Qd7 42.h4 e4
43.h5 f3 44.Qc5 fxg2 45.h6 Rb8 46.Rd1 Rh8 47.Rxd5 Qa4 48.Qc3 Qe8 49.Qd4 Qb8
50.Rd7 Qb1+ 51.Kxg2 Rg8+ 52.Qg7 Qb8 53.Rxf7 Qe8 54.h7 Rxg7+ 55.Rxg7 Qh5 56.Rg8+ Kb7
57.h8=Q Qf3+ 58.Kg1 Qd1+ 59.Kh2 Qd6+ 60.Rg3 e3 61.Qb2+ Ka8 62.fxe3 Qh6+ 63.Kg1 Qe6
64.Qh8+  1-0

[Event "Open"]
[Site "Olomouc CZE"]
[Date "2009.08.11"]
[Round "7"]
[White "Daum,N"]
[Black "Gunajew,R"]
[Result "1/2-1/2"]
[WhiteElo "2130"]
[BlackElo "2280"]

1.e4 c5 2.Nf3 d6 3.Bb5+ Nc6 4.O-O Bd7 5.Re1 Nf6 6.c3 a6 7.Bf1 Bg4 8.d3 Bxf3
9.Qxf3 g6 10.Qh3 Bg7 11.Bh6 O-O 12.Nd2 b5 13.Be2 b4 14.c4 Nd4 15.Bd1 a5 16.Nf3 Nxf3+
17.Bxf3 Ra7 18.Re3 Bxh6 19.Qxh6 e5 20.Rf1 Kh8 21.Bd1 Ng8 22.Qh3 Ne7 23.f4 Nc6
24.f5 gxf5 25.Rxf5 f6 26.Rh5 Rg7 27.Bg4 Nd4 28.Bf5 Qe7 29.Kf1 Rff7 30.Rg3 Rxg3
31.Qxg3 a4 32.Qh3 Qc7 33.Rh6 a3 34.b3 Qe7 35.Bg6 Rg7 36.Qc8+ Rg8 37.Qh3 Rg7
38.Qc8+ Rg8 39.Qh3 Rg7  1/2-1/2

[Event "XVIII TCh-MKD"]
[Site "Struga MKD"]
[Date "2009.08.11"]
[Round "2"]
[White "Petrovski,I"]
[Black "Temkov,B"]
[Result "1-0"]
[WhiteElo "1972"]
[BlackElo "1979"]

1.e4 c5 2.Nf3 d6 3.Bb5+ Bd7 4.Bxd7+ Qxd7 5.c4 Nc6 6.Nc3 g6 7.d4 cxd4 8.Nxd4 Bg7
9.Nde2 Nf6 10.O-O O-O 11.f3 Rac8 12.Be3 Qd8 13.Rc1 Ne5 14.b3 a6 15.a4 Nfd7
16.Nd5 e6 17.Ndc3 Nc5 18.Rb1 Qh4 19.Qd2 Qe7 20.Rfd1 Rfd8 21.Bg5 Bf6 22.Bxf6 Qxf6
23.Nd4 Ncd3 24.Qe3 Nf4 25.g3 Nh5 26.f4 Nc6 27.Nf3 Nb4 28.Rd2 d5 29.exd5 exd5
30.Nxd5 Nxd5 31.cxd5 Rc3 32.Rd3 Qf5 33.Rbd1 Rcc8 34.d6 Nf6 35.Ne5 Ne4 36.g4 Qe6
37.Qxe4 f6 38.Qxb7 fxe5 39.f5 Qf7 40.d7 Rb8 41.Qxb8  1-0

[Event "Jubilee Open"]
[Site "Zuerich SUI"]
[Date "2009.08.11"]
[Round "4"]
[White "Hess,Ro"]
[Black "Areshchenko,A"]
[Result "0-1"]
[WhiteElo "2560"]
[BlackElo "2651"]

1.e4 c5 2.Nf3 d6 3.Bb5+ Nc6 4.O-O Bd7 5.Re1 Nf6 6.c3 a6 7.Ba4 b5 8.Bc2 e5
9.d4 cxd4 10.cxd4 Bg4 11.Be3 exd4 12.Bxd4 Be7 13.Nc3 O-O 14.a3 Rc8 15.Qd3 Bh5
16.Bb3 Nd7 17.Bd5 Nc5 18.Qe3 Re8 19.b4 Bxf3 20.Bxc6 Rxc6 21.Qxf3 Ne6 22.Rad1 Rc4
23.Ne2 Qa8 24.Qe3 Bg5 25.Qg3 Qxe4 26.Bc3 Qc2 27.Rxd6 Re4 28.f4 Nxf4 29.Rd2 Nxe2+
30.Rexe2 Qc1+ 31.Kf2 Qxd2 32.Rxd2 Bh4  0-1

[Event "24th ICT Acropolis"]
[Site "Chalkida GRE"]
[Date "2009.08.12"]
[Round "3"]
[White "Klinova,M"]
[Black "Stiri,A"]
[Result "1/2-1/2"]
[WhiteElo "2312"]
[BlackElo "2163"]

1.e4 c5 2.Nf3 d6 3.Bb5+ Bd7 4.Bxd7+ Qxd7 5.c4 Nf6 6.Nc3 g6 7.d4 cxd4 8.Nxd4 Bg7
9.f3 O-O 10.Be3 Nc6 11.Rc1 e6 12.O-O Rfd8 13.b3 Rac8 14.Qd2 d5 15.cxd5 exd5
16.Nxc6 Rxc6 17.exd5 Nxd5 18.Nxd5 Qxd5 19.Qxd5 Rxd5 20.Rxc6 bxc6 21.Rc1 Bd4
22.Kf2 Bxe3+ 23.Kxe3 Re5+ 24.Kf2 Ra5 25.Rc2 Kf8 26.Ke3 Re5+ 27.Kd4 Rd5+ 28.Ke4 Ke8
29.Rxc6 Rd2 30.Ra6 Rxg2 31.Rxa7 Rxh2 32.Kf4 h5 33.Kg5 Rf2 34.f4 Kf8 35.Ra5 h4
36.Kxh4 Rxf4+ 37.Kg3 Rb4  1/2-1/2

[Event "7th Staunton Memorial GM"]
[Site "London ENG"]
[Date "2009.08.12"]
[Round "5"]
[White "Hendriks,W"]
[Black "Trent,L"]
[Result "1-0"]
[WhiteElo "2444"]
[BlackElo "2471"]

1.e4 c5 2.Nf3 d6 3.Bb5+ Nd7 4.d4 cxd4 5.Qxd4 a6 6.Bxd7+ Bxd7 7.O-O Rc8 8.c4 Qc7
9.b3 b5 10.Bg5 h6 11.Bh4 Qc5 12.Qb2 bxc4 13.Rc1 Qb4 14.Nc3 e6 15.Qd2 Be7
16.Bxe7 Nxe7 17.bxc4 Rxc4 18.Rab1 Qc5 19.Nd1 Nc8 20.Ne3 Rxc1+ 21.Rxc1 Qa7
22.Qa5 O-O 23.Rc7 Qb6 24.Qxb6 Nxb6 25.Rb7 Rc8 26.Rxb6 Rc1+ 27.Nf1 Bb5 28.Nd2 d5
29.exd5 exd5 30.a4 Bd3 31.Rd6 Rc5 32.Ne3 Rc1+ 33.Ndf1 Ra1 34.Rxd5 Bxf1 35.Nxf1 Rxa4
36.g3 Ra1 37.Kg2 a5 38.Ne3 a4 39.Ra5 g6 40.Nd5 Kg7 41.Nb6 a3 42.Nc4 a2 43.Ne3 h5
44.h4  1-0

[Event "GMB"]
[Site "Olomouc CZE"]
[Date "2009.08.12"]
[Round "8"]
[White "Biolek,R1"]
[Black "Kashlinskaya,A"]
[Result "1-0"]
[WhiteElo "2361"]
[BlackElo "2346"]

1.e4 c5 2.Nf3 d6 3.Bb5+ Bd7 4.Bxd7+ Qxd7 5.c4 Nf6 6.d3 g6 7.O-O Nc6 8.Nc3 Bg7
9.Be3 O-O 10.h3 a6 11.a4 e6 12.Rc1 Rac8 13.b3 Rfd8 14.d4 cxd4 15.Nxd4 Qe7
16.Nxc6 bxc6 17.Bb6 Re8 18.c5 dxc5 19.a5 Nd7 20.Na4 Bd4 21.Qe2 Ra8 22.b4 Nxb6
23.Nxb6 Rad8 24.bxc5 Bxc5 25.Qxa6 Qg5 26.Qe2 Bxb6 27.axb6 Qb5 28.Qxb5 cxb5
29.Rb1 Re7 30.Rxb5 Rb7 31.Rfb1 Kf8 32.Kf1 Rd2 33.Ke1 Rc2 34.Ra1 Rc6 35.Ra8+ Kg7
36.Ra6 Kf6 37.Ke2 e5 38.Rb3 Ke6 39.g3 Rc2+ 40.Ke3 Rc6 41.f4 f6 42.h4 h5 43.fxe5 fxe5
44.Kf3 Rb8 45.g4 hxg4+ 46.Kxg4 Kf6 47.Rf3+ Kg7 48.Ra7+ Kh8 49.Rff7 Rcxb6
50.Kg5 Rd6 51.Kh6 g5+ 52.Kxg5 Rg8+ 53.Kf5 Re8 54.h5 Rd1 55.Rh7+ Kg8 56.Rag7+ Kf8
57.Rg6 Rf1+ 58.Kg5 Rg1+ 59.Kh6 Rh1 60.Rhg7 Re7 61.Rg8+ Kf7 62.Ra8 Re8 63.Ra7+ Kf8
64.Rf6+ Kg8 65.Rg7+ Kh8 66.Rg5 Rh4 67.Rxe5  1-0

[Event "24th ICT Acropolis"]
[Site "Chalkida GRE"]
[Date "2009.08.13"]
[Round "4"]
[White "Gluckman,D"]
[Black "Melia,S"]
[Result "1-0"]
[WhiteElo "2275"]
[BlackElo "2441"]

1.e4 c5 2.Nf3 d6 3.Bb5+ Bd7 4.a4 Nc6 5.O-O Nf6 6.Re1 e6 7.c3 Be7 8.d4 cxd4
9.cxd4 d5 10.e5 Ne4 11.Nc3 Nxc3 12.bxc3 Na5 13.Re3 Bxb5 14.axb5 Nc4 15.Rd3 O-O
16.Nd2 f5 17.exf6 Rxf6 18.Nxc4 dxc4 19.Re3 Rg6 20.g3 Qb6 21.Qa4 Rc8 22.Re5 Bd6
23.Rh5 Bb8 24.Be3 Rf6 25.Rc5 Rff8 26.Qxc4 Rce8 27.Qd3 Qd8 28.Rh5 g6 29.Rh4 Qd5
30.c4 Qd7 31.Re4 Rf5 32.Re1 a6 33.bxa6 bxa6 34.Bd2 Ba7 35.Bc3 Ref8 36.R1e2 Rf3
37.R4e3 Qb7 38.c5 Qc6 39.Qc4 Rxe3 40.Rxe3 Re8 41.h4 Kf7 42.Qd3 Rb8 43.h5 Rb5
44.hxg6+ hxg6 45.Rf3+ Ke7 46.Kg2 Rb3 47.d5  1-0

[Event "Jubilee Open"]
[Site "Zuerich SUI"]
[Date "2009.08.14"]
[Round "8"]
[White "Hess,Ro"]
[Black "Recuero Guerra,D"]
[Result "1-0"]
[WhiteElo "2560"]
[BlackElo "2460"]

1.e4 c5 2.Nf3 d6 3.Bb5+ Bd7 4.a4 Nf6 5.d3 Nc6 6.O-O g6 7.Bxc6 Bxc6 8.e5 dxe5
9.Nxe5 Rc8 10.Nxc6 Rxc6 11.Nd2 Bg7 12.Nc4 O-O 13.Bg5 Nd5 14.Qf3 Nb4 15.c3 Nd5
16.Rae1 Rc7 17.Qh3 Rd7 18.Re4 Nf6 19.Re3 Rd5 20.Ne5 Qc7 21.Rfe1 Rfd8 22.Qf3 Qb6
23.h4 h6 24.Nxf7 hxg5 25.Nxd8 Qxd8 26.hxg5 Rxg5 27.Rxe7 Qd5 28.Qxd5+ Rxd5
29.Rxb7 Rxd3 30.Rxa7 Rd2 31.Rb7 c4 32.a5 Bf8 33.a6 Bc5 34.a7 Bxf2+ 35.Kf1 Bxa7
36.Rxa7 Rxb2 37.Re6  1-0

[Event "24th ICT Acropolis"]
[Site "Chalkida GRE"]
[Date "2009.08.16"]
[Round "7"]
[White "Zygouris,H"]
[Black "Pavlidis,Ana"]
[Result "1-0"]
[WhiteElo "2212"]
[BlackElo "2348"]

1.e4 c5 2.Nf3 d6 3.Bb5+ Nc6 4.O-O Bd7 5.Re1 Nf6 6.c3 a6 7.Bf1 Bg4 8.d3 e5
9.Nbd2 Be7 10.h3 Be6 11.d4 cxd4 12.cxd4 exd4 13.Nb3 Bxb3 14.axb3 d5 15.Nxd4 Nxd4
16.Qxd4 O-O 17.exd5 Nxd5 18.Qe4 Bc5 19.Bc4 Nb4 20.Qf5 Qb6 21.Be3 Bxe3 22.Rxe3 g6
23.Qf4 Rac8 24.Re7 Kg7 25.Rxf7+ Rxf7 26.Qxf7+ Kh6 27.Re1 Nc6 28.Re4 Qc7 29.Qf6  1-0

[Event "24th ICT Acropolis"]
[Site "Chalkida GRE"]
[Date "2009.08.16"]
[Round "7"]
[White "Kotrotsos,V"]
[Black "Stavrianakis,I"]
[Result "1/2-1/2"]
[WhiteElo "2359"]
[BlackElo "2240"]

1.e4 c5 2.Nf3 d6 3.Bb5+ Bd7 4.Bxd7+ Qxd7 5.c4 Nc6 6.d4 cxd4 7.Nxd4 Nf6 8.Nc3 g6
9.O-O Bg7 10.Nde2 O-O 11.f3 Qc7 12.Kh1 a6 13.a4 b6 14.Bg5 Qb7 15.b3 Rfe8
16.Qd2 Rac8 17.Rab1 Ne5 18.Nd5 Nxd5 19.cxd5 b5 20.axb5 axb5 21.Nd4 e6 22.dxe6 fxe6
23.Qb4 Rc5 24.Be3 Nc6 25.Nxc6 Rxc6 26.Bd4 Bxd4 27.Qxd4 Qg7 28.Rfd1 Qxd4 29.Rxd4 Ra8
30.Rd2 Kf7 31.h4 Ke7 32.Kh2 Ra3 33.Kg3 Rc3 34.Rbd1 Ra6 35.Rd3 Rc2 36.R1d2 Raa2
37.Rxc2 Rxc2 38.h5 gxh5 39.Rd4 Rc3 40.Rb4 Rc5 41.f4  1/2-1/2

[Event "RUS-CHN Match w Standard"]
[Site "Sochi RUS"]
[Date "2009.08.16"]
[Round "2"]
[White "Romanko,M"]
[Black "Ju Wenjun"]
[Result "1-0"]
[WhiteElo "2447"]
[BlackElo "2443"]

1.e4 c5 2.Nf3 d6 3.Bb5+ Bd7 4.Bxd7+ Qxd7 5.c4 g6 6.Nc3 Bg7 7.d4 cxd4 8.Nxd4 Nf6
9.h3 O-O 10.Be3 Nc6 11.O-O Qd8 12.b3 Qa5 13.Rc1 Rfd8 14.Qf3 Rac8 15.Rfd1 h6
16.Qe2 Kh7 17.Kh1 Rd7 18.Kg1 Rcd8 19.f3 Nh5 20.Qf2 Be5 21.Nde2 Bg7 22.Rd5 Qa6
23.Rd3 b6 24.a4 Qb7 25.f4 Nb4 26.Rd2 Na6 27.Rb1 Nf6 28.Qf3 Nc5 29.Ng3 h5
30.b4 Na6 31.Nd5 e6 32.Nxf6+ Bxf6 33.Bd4 Bxd4+ 34.Rxd4 Qc6 35.Kh2 h4 36.Ne2 Qxa4
37.f5 e5 38.Rd2 Nxb4 39.f6 Na6 40.Qg4 Rh8 41.Ra1 Qxa1 42.Qxd7 Rf8 43.Qe7 Kg8
44.Rxd6 Nc5 45.Qxf8+  1-0

[Event "24th ICT Acropolis"]
[Site "Chalkida GRE"]
[Date "2009.08.17"]
[Round "8"]
[White "Makropoulou,M"]
[Black "Peptan,C"]
[Result "1/2-1/2"]
[WhiteElo "2245"]
[BlackElo "2392"]

1.e4 c5 2.Nf3 d6 3.Bb5+ Bd7 4.Bxd7+ Qxd7 5.O-O Nc6 6.c3 Nf6 7.Re1 g6 8.d4 cxd4
9.cxd4 Bg7 10.Nc3 O-O  1/2-1/2

[Event "Open A"]
[Site "Panevezys LTU"]
[Date "2009.08.20"]
[Round "6"]
[White "Sciupokas,A"]
[Black "Giedraityte,A"]
[Result "1/2-1/2"]
[WhiteElo "1936"]
[BlackElo "1749"]

1.e4 c5 2.Nf3 d6 3.Bb5+ Bd7 4.Bxd7+ Qxd7 5.O-O Nf6 6.Re1 Nc6 7.c3 e6 8.d4 d5
9.e5 Ne4 10.Nbd2 Nxd2 11.Bxd2 Be7 12.dxc5 Bxc5 13.Be3 Bxe3 14.Rxe3 O-O 15.Qd3 h6
16.Rd1 Qc7 17.Qe2 Qa5 18.a3 Rfd8 19.Nd4 Nxd4 20.Rxd4 Rac8 21.h3 Rc6 22.Rg3 Rc4
23.Rdg4 Rxg4 24.Qxg4 g6 25.Qf4 h5 26.Qh6 Qc7 27.Qxh5 Qe7 28.Qd1 Qc7 29.Qd4 Qc4
30.Qxa7 Qb3 31.Qa5 Rd7 32.Qb4 Qd1+ 33.Kh2 Qe2 34.f4 Qd2 35.Rf3 d4 36.cxd4 Qxb4
37.axb4 Rxd4 38.b5 Rb4 39.b3 Rxb5 40.Rc3 Kf8 41.h4 Rb4 42.Kg3 Kg7 43.Kf3 Kh6
44.Kg4 b6 45.g3 Rb5 46.Kh3 Rb4 47.Rd3 Kg7 48.Kg4 Kh6 49.Re3 Rb5 50.Rd3 Rb4
51.Kf3 Kh5 52.Rc3 Rb5 53.Rd3 Rb4 54.Ke3 Kg4 55.Kd2 Re4 56.Rc3 b5 57.Rc7 Kxg3
58.Rxf7 Rxf4 59.Rf6 Kg4 60.Kd3 Rb4 61.Rxe6 Kf5 62.Rf6+ Kxe5 63.Rxg6 Rxb3+  1/2-1/2

[Event "24th Open"]
[Site "Schwarzach AUT"]
[Date "2009.08.20"]
[Round "6"]
[White "Wegerer,J"]
[Black "Egle,S"]
[Result "0-1"]
[WhiteElo "2063"]
[BlackElo "2153"]

1.e4 c5 2.Nf3 d6 3.Bb5+ Nd7 4.d4 cxd4 5.Qxd4 a6 6.Bc4 Ngf6 7.Ng5 Ne5 8.Bb3 h6
9.Nf3 Nxf3+ 10.gxf3 e5 11.Qd3 Be6 12.Nc3 Be7 13.Be3 Rc8 14.O-O-O Qc7 15.Rd2 Bc4
16.Bxc4 Qxc4 17.Qxc4 Rxc4 18.Nd5 Nxd5 19.Rxd5 Kd7 20.Kb1 Ke6 21.b3 Rc3 22.Rhd1 Rhc8
23.R1d2 g5 24.R5d3 R3c6 25.c4 Bd8 26.Rd5 Be7 27.Rd1 Rf8 28.Rg1 f5 29.Rdd1 Bd8
30.Rg2 Ba5 31.h4 f4 32.Bd2 Bxd2 33.Rxd2 gxh4 34.Rd1 Rf6 35.Rh1 b5 36.cxb5 axb5
37.Kb2 b4 38.a3 bxa3+ 39.Kxa3 Rc3 40.Rh3 d5 41.exd5+ Kxd5 42.Rg8 Rb6 43.Ka4 Rcxb3
44.Rd8+ Kc4 45.Rc8+ Kd3 46.Rxh4 Rb1 47.Ka5 R6b2  0-1

[Event "Masters"]
[Site "Brasschaat BEL"]
[Date "2009.08.21"]
[Round "7"]
[White "Laurent,B"]
[Black "Docx,S"]
[Result "1/2-1/2"]
[WhiteElo "2339"]
[BlackElo "2384"]

1.e4 c5 2.Nf3 d6 3.Bb5+ Nd7 4.d4 Nf6 5.Nc3 a6 6.Bxd7+ Nxd7 7.Bg5 h6 8.Bh4 g5
9.Bg3 Bg7 10.h3 cxd4 11.Nxd4 Ne5 12.O-O e6 13.Nf3 b5 14.Nxe5 dxe5 15.Qxd8+ Kxd8
16.f3 Kc7 17.a4 b4 18.Na2 a5 19.Nc1 Ba6 20.Rd1 f6 21.Nb3 Bc4 22.Nd2 Ba6 23.Nb3 Bc4  1/2-1/2

[Event "RUS-CHN Match Rapid"]
[Site "Sochi RUS"]
[Date "2009.08.21"]
[Round "1"]
[White "Ni Hua"]
[Black "Nepomniachtchi,I"]
[Result "1/2-1/2"]
[WhiteElo "2701"]
[BlackElo "2632"]

1.e4 c5 2.Nf3 d6 3.Bb5+ Bd7 4.Bxd7+ Qxd7 5.c4 g6 6.d4 cxd4 7.Nxd4 Bg7 8.Nc3 Nc6
9.Nde2 Nf6 10.f3 O-O 11.O-O e6 12.Bg5 h6 13.Be3 Rad8 14.Qc1 Kh7 15.Rd1 Rfe8
16.Kh1 Qc7 17.Qd2 d5 18.cxd5 exd5 19.exd5 Qe7 20.Nf4 Qxe3 21.Qxe3 Rxe3 22.dxc6 Rxd1+
23.Rxd1 bxc6 24.Kg1 g5 25.Nfe2 Nd5 26.Kf2 Bxc3 27.Nxc3 Nxc3 28.bxc3 Rxc3
29.Rd7 Rc2+ 30.Kg3 Rxa2 31.Rxf7+ Kg6 32.Rc7 Ra6 33.h4 Kf5 34.Kh3 Kg6 35.hxg5 hxg5
36.Kg4 Ra4+ 37.Kg3 Ra6 38.Kg4  1/2-1/2

[Event "RUS-CHN Match w Rapid"]
[Site "Sochi RUS"]
[Date "2009.08.21"]
[Round "5"]
[White "Xu Yuhua"]
[Black "Romanko,M"]
[Result "1-0"]
[WhiteElo "2485"]
[BlackElo "2447"]

1.e4 c5 2.Nf3 d6 3.Bb5+ Nc6 4.O-O Bd7 5.Re1 Nf6 6.c3 a6 7.Ba4 b5 8.Bc2 e5
9.h3 g6 10.d4 Bg7 11.a4 cxd4 12.cxd4 O-O 13.Bg5 h6 14.Be3 exd4 15.Nxd4 Nb4
16.Nc3 Nxc2 17.Qxc2 b4 18.Nd5 Nxd5 19.exd5 Rc8 20.Qd2 Rc4 21.Rac1 Rxc1 22.Rxc1 Bxa4
23.Qxb4 Qd7 24.b3 Bb5 25.Nxb5 axb5 26.Rc6 Ra8 27.Qxb5 Ra1+ 28.Kh2 Be5+ 29.f4 Qf5
30.Rc4 g5 31.Qe8+ Kg7 32.fxe5 Qf1 33.Rc8 Kg6 34.exd6 Re1 35.Qe4+ Kh5 36.Qf3+  1-0

[Event "24th Open"]
[Site "Tetevan BUL"]
[Date "2009.08.21"]
[Round "9"]
[White "Arnaudov,P"]
[Black "Ivanov,Tsv"]
[Result "0-1"]
[WhiteElo "2263"]
[BlackElo "2097"]

1.Nf3 d6 2.e4 c5 3.Bb5+ Bd7 4.a4 Nf6 5.e5 dxe5 6.Nxe5 Bxb5 7.axb5 Qd5 8.Nf3 Qe4+
9.Qe2 Qxc2 10.Nc3 Nbd7 11.O-O e6 12.Ne5 Nxe5 13.Qxe5 Kd7 14.d3 Bd6 15.Qe3 Bxh2+
16.Kh1 Bd6 17.Qf3 Rhb8 18.Ra4 a6 19.Bg5 Qxb2 20.d4 Qc2 21.Bxf6 gxf6 22.dxc5 Be5
23.Ra3 Qf5 24.c6+ Ke8 25.Qxf5 exf5 26.f4 Bxc3 27.c7 Rc8 28.b6 Bb4 29.Re3+ Kf8
30.Rb1 a5 31.Rd3 Be7 32.Rd5 a4 33.Ra1 a3 34.Ra2 Ra6 35.Rb5 Ke8 36.Kh2 Kd7
37.Rd5+ Kc6  0-1

[Event "5th Geller Mem Open A"]
[Site "Odessa UKR"]
[Date "2009.08.22"]
[Round "3"]
[White "Varchenko,G"]
[Black "Bogdanov,O"]
[Result "1/2-1/2"]
[WhiteElo "2149"]
[BlackElo "2287"]

1.e4 c5 2.Nf3 d6 3.Bb5+ Bd7 4.Bxd7+ Qxd7 5.c4 Nc6 6.O-O g6 7.d4 cxd4 8.Nxd4 Bg7
9.Be3 Nf6 10.f3 O-O 11.Nc3 Rac8 12.b3 Rfe8 13.Rc1 Qd8 14.Qd2 Qa5 15.h3 Nd7
16.Qf2 a6 17.Rfd1 Nxd4 18.Bxd4 Bxd4 19.Qxd4 Qc5 20.Qxc5 Rxc5 21.Nd5 Kf8 22.Kf2 Rec8
23.Nb4 f6 24.Ke3 Kf7 25.Rc2 Ra8 26.Nd3 Rc7 27.Rdc1 Rac8 28.Nb4 Ra8 29.Nd3 Rac8  1/2-1/2

[Event "24th Open"]
[Site "Schwarzach AUT"]
[Date "2009.08.22"]
[Round "8"]
[White "Knoblauch,L"]
[Black "Cremer,J"]
[Result "1/2-1/2"]
[WhiteElo "2000"]
[BlackElo "2161"]

1.e4 c5 2.Nf3 d6 3.Bb5+ Bd7 4.Bxd7+ Qxd7 5.O-O Nf6 6.Re1 Nc6 7.c3 e6 8.d4 cxd4
9.cxd4 d5 10.e5 Ne4 11.Nc3 Nxc3 12.bxc3 Be7 13.Ng5 h6 14.Qh5 Rf8 15.Nh3 O-O-O
16.a4 Na5 17.Nf4 Qc6 18.Qe2 Qc4 19.Nd3 b6 20.Ba3 Bxa3 21.Rxa3 Kb8 22.Nb2 Qxe2
23.Rxe2 Rc8 24.Kf1 Kc7 25.Ke1 Kd7 26.f4 Ke7 27.Rf2 f6 28.Nd3 Nc4 29.Rb3 fxe5
30.Nxe5 Nxe5 31.fxe5 Rxf2 32.Kxf2 Rf8+ 33.Ke2 Kd7 34.a5 Kc6 35.axb6 axb6
36.Rb2 Rf7  1/2-1/2

[Event "XXVI Open A"]
[Site "Collado Villalba ESP"]
[Date "2009.08.23"]
[Round "3"]
[White "Castano,H"]
[Black "Laynez Aspenberg,J"]
[Result "1-0"]
[WhiteElo "2203"]
[BlackElo "1932"]

1.e4 c5 2.Nf3 d6 3.Bb5+ Bd7 4.Bxd7+ Qxd7 5.c4 Nc6 6.d4 cxd4 7.Nxd4 Nf6 8.Nc3 g6
9.O-O Bg7 10.Nde2 O-O 11.f3 Rfc8 12.Bg5 Nd8 13.b3 Ne6 14.Be3 Nh5 15.Rc1 Nc5
16.Qd2 a5 17.Nd5 Ra6 18.Bg5 Re8 19.Rfd1 f6 20.Be3 Rc6 21.Bxc5 Rxc5 22.g4 f5
23.gxh5 fxe4 24.h6 Be5 25.f4 Qg4+ 26.Ng3 Bh8 27.Qe2 Qh4 28.Nxe4 Rxd5 29.cxd5 Qxf4
30.Rf1 Bd4+ 31.Kh1 Qxh6 32.Nxd6  1-0

[Event "9th UIL&UL GM"]
[Site "Dahka BAN"]
[Date "2009.08.23"]
[Round "4"]
[White "Rausis,I"]
[Black "Khusnutdinov,R"]
[Result "1/2-1/2"]
[WhiteElo "2512"]
[BlackElo "2506"]

1.e4 c5 2.Nf3 d6 3.Bb5+ Nc6 4.O-O Bd7 5.c3 Nf6 6.Re1 a6 7.Bf1 Bg4 8.h3 Bxf3
9.Qxf3 g6 10.Na3 Bg7 11.Qd1 Nd7 12.Nc2 Nb6 13.d4 cxd4 14.Nxd4 Nxd4 15.cxd4 O-O
16.b3 Rc8 17.Ba3 Nd7 18.Qd2 Qb6 19.Rad1 Rfe8 20.Bb4 Nb8 21.Ba5 Qa7 22.Kh1  1/2-1/2

[Event "RUS-CHN Match w Blitz"]
[Site "Sochi RUS"]
[Date "2009.08.23"]
[Round "9"]
[White "Xu Yuhua"]
[Black "Tairova,E"]
[Result "1-0"]
[WhiteElo "2485"]
[BlackElo "2450"]

1.e4 c5 2.Nf3 d6 3.Bb5+ Nc6 4.O-O Bd7 5.Re1 a6 6.Bxc6 Bxc6 7.d4 cxd4 8.Nxd4 e5
9.Nxc6 bxc6 10.c4 Nf6 11.Nc3 Be7 12.h3 O-O 13.Be3 Rb8 14.Qd2 Nd7 15.b3 Kh8
16.Rad1 Qe8 17.Ne2 Rd8 18.Ng3 g6 19.Bh6 Rg8 20.Qa5 f5 21.f4 Nc5 22.fxe5 Bh4
23.exd6 Nxe4 24.Rxe4 fxe4 25.Qc3+  1-0

[Event "RUS-CHN Match w Blitz"]
[Site "Sochi RUS"]
[Date "2009.08.23"]
[Round "10"]
[White "Xu Yuhua"]
[Black "Romanko,M"]
[Result "1-0"]
[WhiteElo "2485"]
[BlackElo "2447"]

1.e4 c5 2.Nf3 d6 3.Bb5+ Nc6 4.O-O Bd7 5.Re1 Nf6 6.c3 a6 7.Ba4 b5 8.Bc2 e5
9.h3 Be7 10.d4 O-O 11.d5 Na5 12.b3 c4 13.b4 Nb7 14.a4 a5 15.axb5 axb4 16.Rxa8 Qxa8
17.cxb4 Bxb5 18.Nc3 Bd7 19.Be3 Qa3 20.Qd2 Ra8 21.Rb1 Nd8 22.Qc1 Qa6 23.Qb2 Nh5
24.Kh2 Nf4 25.Qc1 Nd3 26.Qd2 f5 27.Bxd3 cxd3 28.b5 Qc8 29.Qxd3 fxe4 30.Nxe4 Bf5
31.Nfd2 Nb7 32.Qe2 Ra4 33.f3 Ra2 34.Qf1 Qa8 35.Rc1 h6 36.Qc4 Ra4 37.Qc6 Ra2  1-0

[Event "XI Sants Open"]
[Site "Barcelona ESP"]
[Date "2009.08.24"]
[Round "4"]
[White "Bergez,L"]
[Black "Reinaldo Castineira,R"]
[Result "1-0"]
[WhiteElo "2371"]
[BlackElo "2503"]

1.e4 c5 2.Nf3 d6 3.Bb5+ Nd7 4.d4 cxd4 5.Qxd4 a6 6.Bxd7+ Bxd7 7.O-O Rc8 8.c4 e5
9.Qd3 h6 10.Nc3 Nf6 11.Be3 Be7 12.Rfc1 O-O 13.Nd5 Nxd5 14.cxd5 f5 15.Qb3 b5
16.Rxc8 Bxc8 17.Nxe5 dxe5 18.d6+ Kh7 19.dxe7 Qxe7 20.Rc1 Qe6 21.Qxe6 Bxe6
22.exf5 Bxf5 23.Rc5 Re8 24.h3 Re7 25.Bd2 Bb1 26.a3 Bd3 27.Rc6 Ra7 28.Rd6 Bf5
29.Be3 Ra8 30.Rd5 Re8 31.Bd2 Re6 32.Bc3 Be4 33.Rc5 Rg6 34.g4 Re6 35.Bxe5 Rc6
36.b4 g6 37.f4 Kg8 38.Kf2 Kf7 39.Ke3 Bg2 40.h4 h5 41.gxh5 gxh5 42.f5 Bh1
43.Kf4 Bg2 44.Kg5 Bf3 45.Rxc6 Bxc6 46.Kxh5 Bf3+ 47.Kg5 Bd1 48.h5 Bb3 49.h6 Kg8
50.Kf6 Kh7 51.Bf4 Bc2 52.Ke6 Bd3 53.f6 Kg6 54.Ke7 Bc4 55.h7 Kxh7 56.f7  1-0

[Event "XI Sants Open"]
[Site "Barcelona ESP"]
[Date "2009.08.25"]
[Round "5"]
[White "Bacallao Alonso,Y"]
[Black "Lillo Castay,V"]
[Result "1-0"]
[WhiteElo "2467"]
[BlackElo "2314"]

1.e4 c5 2.Nf3 d6 3.Bb5+ Nd7 4.O-O Nf6 5.Re1 a6 6.Bf1 b6 7.d3 e6 8.c3 Bb7
9.Nbd2 Be7 10.d4 O-O 11.Bd3 Qc7 12.Nf1 Rfd8 13.Ng3 b5 14.Bg5 h6 15.Bd2 Nb6
16.Qe2 c4 17.Bc2 d5 18.e5 Nfd7 19.Nh5 a5 20.Nh4 Bxh4 21.Qg4 Bg5 22.Bxg5 hxg5
23.Qxg5  1-0

[Event "XXVI Open A"]
[Site "Collado Villalba ESP"]
[Date "2009.08.25"]
[Round "5"]
[White "Castano,H"]
[Black "Nunez Reiz,A"]
[Result "1-0"]
[WhiteElo "2203"]
[BlackElo "2110"]

1.e4 c5 2.Nf3 d6 3.Bb5+ Nc6 4.Bxc6+ bxc6 5.O-O e5 6.c3 Nf6 7.Re1 Be7 8.d4 Qc7
9.Nbd2 O-O 10.dxe5 dxe5 11.Nc4 Nd7 12.Qa4 Rb8 13.Qa3 f6 14.Be3 Rb5 15.Ncd2 Nb6
16.b3 Be6 17.Qc1 Nd7 18.c4 Rb7 19.Nb1 Rfb8 20.Nc3 Bf7 21.Na4 Qd8 22.Qc3 Qf8
23.Rf1 Bd6 24.Ne1 Nb6 25.Nb2 f5 26.exf5 Bh5 27.f3 Qxf5 28.g4 Bxg4 29.fxg4 Qxg4+
30.Ng2 Nd7 31.Rad1 Be7 32.Nd3 Bf6 33.Nxc5 Nxc5 34.Bxc5 e4 35.Qg3 Qh5 36.Be3 Rd8
37.Rxd8+ Bxd8 38.Qf4 Qe8 39.Bc5 Bf6 40.Re1 Rd7 41.Qxe4  1-0

[Event "57th ch-HUN w"]
[Site "Eger HUN"]
[Date "2009.08.25"]
[Round "5"]
[White "Lakos,N"]
[Black "Gara,T"]
[Result "1/2-1/2"]
[WhiteElo "2310"]
[BlackElo "2354"]

1.e4 c5 2.Nf3 d6 3.Bb5+ Bd7 4.Bxd7+ Qxd7 5.c4 Nc6 6.d4 cxd4 7.Nxd4 Nf6 8.f3 g6
9.Be3 Bg7 10.Nc3 O-O 11.O-O Rfd8 12.Qd2 e6 13.Rad1 d5 14.cxd5 exd5 15.Nxc6 bxc6
16.exd5 Nxd5 17.Nxd5 Qxd5 18.Qxd5 Rxd5 19.b3 a5 20.Kf2 a4 21.Rxd5 cxd5 22.Rd1 d4
23.Bxd4 Rd8 24.Ke3 Re8+ 25.Kf2 Rd8 26.Ke3 Re8+ 27.Kf2 Rd8 28.Ke3  1/2-1/2